000 00652nam a2200193Ia 4500
005 20260415173418.0
008 008 250505s9999 xx 000 0 eng d
037 _aDissertations
040 _aFEDL
_beng
_cFEDL
041 _aeng
_2eng
084 _a574.7 BHA/DI
_qFEDL
100 _aBhandari Robica
_9783737
245 0 _aTo explore the perception and experiences of senior secondary school teachers of use of analogy in a biology classroom
260 _c2020
300 _ax, 181p.
546 _aM. Phil Dissertation (Delhi University); C D Included
942 _cDIS
_h574.7 BHA/DI
999 _c1400187
_d1400187